000 00814nam a2200277 4500
001 12444
003 ES-MaACL
005 20230906150319.0
007 t|
007 t|
008 921210s1990 sp |||| |bspa d
020 _a84-87095-36-4
080 _a946"1929/1937"
080 _a929 Díaz Sandino, Felipe
100 1 _aDíaz Sandino, Felipe.
_944424
245 1 0 _aDe la conspiración a la revolución, 1929-1937 /
_cFelipe Díaz Sandino.
250 _a1ª ed.
260 _aMadrid :
_bLibertarias,
_c1990.
300 _a218 p ;
_c20 cm.
490 1 _aEnsayo ;
_v44
600 1 4 _aDíaz Sandino, Felipe.
_944424
651 4 _aEspaña-
_xHistoria-
_y1931-1939, II República-
_vRelatos personales.
_98290
830 0 _aEnsayo ;
_v44
_9177699
852 _aES-MaACL
_jL-19661
999 _c12444
_d12444